| 000 | 00537nmm a2200169Ia 4500 | ||
|---|---|---|---|
| 008 | 251105s9999||||xx |||||||||||||||||und|| | ||
| 020 | _a9788495107435 | ||
| 041 | _aspa | ||
| 100 | _aDéodat-Kessedjian, Marie-Françoise | ||
| 245 | 0 | _aEl silencio en el teatro de Calderón de la Barca | |
| 264 |
_a[Madrid, España] : _bIberoamericana Vervuert, _c1999 |
||
| 300 | _a367 páginas | ||
| 490 | _aBiblioteca Áurea Hispánica | ||
| 650 | _aSpanish literature | ||
| 856 | _uhttps://public.digitaliapublishing.com/a/15366 | ||
| 942 | _cCF | ||
| 999 |
_c89541 _d89541 |
||